000 00888nam a2200217 a 4500
001 000022361
005 20240305073654.0
008 101005s1976 dr 011 0dspa d
040 _aDO-SdBNP
_bspa
_cBNPHU
082 _aF-RD 7
100 1 _aRodríguez Demorizi, Emilio,
_d1908-1986
_91039
245 1 0 _aUlises F. Espaillat y Benjamin Franklin /
_cEmilio Rodríguez Demorizi.
260 _aSanto Domingo :
_bTaller,
_c1976.
300 _a24 p. ;
_c23 cm.
490 1 _aAcademia Dominicana de la Historia, Centenario del Gobierno de Ulises F. Espaillat
_v41
600 1 4 _aESPAILLAT QUIÑONES, ULISES FRANCISCO,
_d1823-1878
_xPERSONALIDAD
_946128
600 1 4 _aFRANKLIN, BENJAMÍN,
_d1706-1790
_xPERSONALIDAD
_946129
830 0 _aAcademia Dominicana de la Historia, Centenario del Gobierno de Ulises F. Espaillat
_v41
_946130
910 _aValidado. Control de calidad EMS.
049 _aBNPD
999 _c21859
_d21859